[Event "VII Miedzynarodowy Festiwal Szachowy - O"]
[Site "Ostroda"]
[Date "2010.08.02"]
[Round "1.1"]
[White "Opalinski, Krzysztof"]
[Black "Mista, Aleksander"]
[Result "0-1"]
[WhiteElo "1805"]
[BlackElo "2562"]
[PlyCount "64"]
[EventDate "2010.08.02"]

1. e4 g6 2. Nc3 Bg7 3. f4 c6 4. Nf3 d5 5. e5 Qb6 6. d4 Bg4 7. Be2 Nh6 8. Na4
Qc7 9. Nc5 Nf5 10. c3 h5 11. e6 f6 12. Qc2 b6 13. Nb3 Qd6 14. h3 Bxf3 15. Bxf3
Qxe6+ 16. Kf2 Qf7 17. Bd2 Nd6 18. Rae1 f5 19. Re2 Nd7 20. Rhe1 Ne4+ 21. Kg1 Bf6
22. Bxe4 fxe4 23. Rf1 Qe6 24. Be3 h4 25. Nd2 Kf7 26. c4 Rhc8 27. b4 c5 28. dxc5
d4 29. Nxe4 dxe3 30. Rf3 bxc5 31. b5 Bd4 32. Kh1 Kg7 0-1

[Event "VII Miedzynarodowy Festiwal Szachowy - O"]
[Site "Ostroda"]
[Date "2010.08.02"]
[Round "1.2"]
[White "Kuzmicz, Krystian"]
[Black "Wodzynski, Mieszko"]
[Result "1-0"]
[WhiteElo "2417"]
[BlackElo "1796"]
[PlyCount "31"]
[EventDate "2010.08.02"]

1. e4 e5 2. Nf3 Nc6 3. Nc3 Nf6 4. a3 Bc5 5. Nxe5 Bxf2+ 6. Kxf2 Nxe5 7. d4 Neg4+
8. Kg1 d5 9. h3 Nh6 10. Bg5 dxe4 11. Nxe4 Nf5 12. c3 Be6 13. Qf3 Rg8 14. d5
Qxd5 15. Bxf6 h6 16. Rd1 1-0

[Event "VII Miedzynarodowy Festiwal Szachowy - O"]
[Site "Ostroda"]
[Date "2010.08.02"]
[Round "1.3"]
[White "Stachowicz, Feliks"]
[Black "Budrewicz, Krzysztof"]
[Result "0-1"]
[WhiteElo "1784"]
[BlackElo "2269"]
[PlyCount "66"]
[EventDate "2010.08.02"]

1. d4 Nf6 2. Nf3 g6 3. Bg5 Bg7 4. e3 d6 5. c4 O-O 6. Nc3 c5 7. d5 h6 8. Bh4 g5
9. Bg3 Nh5 10. Qd2 f5 11. O-O-O a6 12. Be2 b5 13. Ne1 Nxg3 14. hxg3 b4 15. Nb1
Nd7 16. g4 Nf6 17. Qc2 Nxg4 18. Bxg4 fxg4 19. e4 Bd7 20. Nd3 Qe8 21. Nd2 Qg6
22. Rde1 a5 23. f3 a4 24. Qd1 a3 25. b3 Rf7 26. Re3 Bd4 27. Ree1 Raf8 28. Rh2
Bh8 29. Reh1 Bg7 30. Qe2 Bc8 31. e5 Bf5 32. e6 Rf6 33. Nf2 g3 0-1

[Event "VII Miedzynarodowy Festiwal Szachowy - O"]
[Site "Ostroda"]
[Date "2010.08.02"]
[Round "1.4"]
[White "Bodenez, Vincent"]
[Black "Kuban, Wieslaw"]
[Result "1-0"]
[WhiteElo "2177"]
[BlackElo "1775"]
[PlyCount "25"]
[EventDate "2010.08.02"]

1. e4 e5 2. Nc3 Bc5 3. Bc4 Nc6 4. Qg4 Nf6 5. Qxg7 Rf8 6. d3 d5 7. Nxd5 Nxd5 8.
exd5 Nd4 9. Kd1 b5 10. Qxe5+ Qe7 11. Qxe7+ Bxe7 12. Bb3 Nxb3 13. axb3 1-0

[Event "VII Miedzynarodowy Festiwal Szachowy - O"]
[Site "Ostroda"]
[Date "2010.08.02"]
[Round "1.5"]
[White "Olchowko, Blazej"]
[Black "Zurkowski, Andrzej"]
[Result "0-1"]
[WhiteElo "1754"]
[BlackElo "2175"]
[PlyCount "70"]
[EventDate "2010.08.02"]

1. c4 e5 2. Nc3 Nc6 3. g3 g6 4. Bg2 Bg7 5. e4 d6 6. d3 Be6 7. Be3 Qd7 8. Qd2
Nge7 9. b3 f5 10. Rd1 O-O 11. Nge2 Nd4 12. f4 fxe4 13. dxe4 Bg4 14. O-O c5 15.
Rf2 Rf7 16. Rdf1 Raf8 17. Kh1 h5 18. Ng1 exf4 19. gxf4 Bf6 20. Bf3 Nxf3 21.
Nxf3 Qe6 22. e5 Bxf3+ 23. Rxf3 Bxe5 24. Nd5 Nxd5 25. cxd5 Qf5 26. Qg2 Bf6 27.
Kg1 Kh7 28. Rg3 Re8 29. Kh1 Rfe7 30. Rff3 h4 31. Rh3 Qxd5 32. Bf2 Re1+ 33. Bg1
Bd4 34. Rxh4+ Kg7 35. Rh7+ Kxh7 0-1

[Event "VII Miedzynarodowy Festiwal Szachowy - O"]
[Site "Ostroda"]
[Date "2010.08.02"]
[Round "1.6"]
[White "Plichta, Kamil"]
[Black "Makosa, Angelika"]
[Result "1-0"]
[WhiteElo "2158"]
[BlackElo "1724"]
[PlyCount "59"]
[EventDate "2010.08.02"]

1. d4 Nf6 2. c4 c5 3. d5 b5 4. cxb5 a6 5. b6 Qxb6 6. Nc3 d6 7. e4 g6 8. Nf3 Bg7
9. Be2 O-O 10. Nd2 Bb7 11. Nc4 Qc7 12. O-O Nbd7 13. Bg5 Nb6 14. f4 Nxc4 15.
Bxc4 Nd7 16. Bxe7 Rfe8 17. Bh4 Bxc3 18. bxc3 Rxe4 19. Bd3 Ree8 20. c4 Nb6 21.
f5 Nd7 22. f6 Re5 23. Bg3 Ree8 24. Qd2 Qd8 25. Bh4 Kh8 26. Bxg6 fxg6 27. Qh6
Rg8 28. f7 Qc7 29. fxg8=Q+ Rxg8 30. Rf7 1-0

[Event "VII Miedzynarodowy Festiwal Szachowy - O"]
[Site "Ostroda"]
[Date "2010.08.02"]
[Round "1.7"]
[White "Marchlewicz, Artur"]
[Black "Le Masle, Raphael"]
[Result "0-1"]
[WhiteElo "1708"]
[BlackElo "2128"]
[PlyCount "72"]
[EventDate "2010.08.02"]

1. e4 c5 2. Nf3 e6 3. d4 cxd4 4. Nxd4 a6 5. Nc3 Qc7 6. Bd2 b5 7. Bd3 Bb7 8. O-O
Nf6 9. Re1 d6 10. Bg5 Nbd7 11. Kh1 Be7 12. a3 O-O 13. f4 h6 14. Bh4 Nxe4 15.
Bxe4 Bxh4 16. Bxb7 Bxe1 17. Bxa8 Bxc3 18. bxc3 Rxa8 19. Ne2 Nb6 20. Qd3 Qc5 21.
Ng3 Qd5 22. Qe2 Na4 23. Ne4 Qc6 24. Qf3 d5 25. Ng3 Qxc3 26. Qd1 Rc8 27. Rc1 Rc4
28. f5 Rd4 29. Qh5 Qe3 30. Rf1 Rf4 31. Rd1 Nc3 32. Rg1 Ne4 33. Nxe4 Rxf5 34.
Qh4 Qxe4 35. Qd8+ Kh7 36. Qc8 Qa4 0-1

[Event "VII Miedzynarodowy Festiwal Szachowy - O"]
[Site "Ostroda"]
[Date "2010.08.02"]
[Round "1.8"]
[White "Malczyk, Rafal"]
[Black "Szymanowski, Mateusz"]
[Result "1-0"]
[WhiteElo "2103"]
[BlackElo "1705"]
[PlyCount "63"]
[EventDate "2010.08.02"]

1. d4 Nf6 2. Nf3 g6 3. c4 Bg7 4. Nc3 d6 5. e4 O-O 6. Be2 e5 7. O-O Nc6 8. d5
Ne7 9. Nd2 Ne8 10. b4 f5 11. f3 Nf6 12. c5 Nh5 13. Nc4 f4 14. a4 Kh8 15. Ba3
Ng8 16. b5 Rf6 17. b6 dxc5 18. bxc7 Qxc7 19. Nb5 Qd8 20. Bxc5 Rf7 21. Nxa7 Qg5
22. Nd6 Rc7 23. Naxc8 Raxc8 24. Nxc8 Rxc5 25. Rc1 Bf8 26. d6 Rxc1 27. Qxc1 Qd8
28. Qc7 Qxc7 29. dxc7 Bc5+ 30. Kh1 Ngf6 31. Rc1 Be3 32. Nd6 1-0

[Event "VII Miedzynarodowy Festiwal Szachowy - O"]
[Site "Ostroda"]
[Date "2010.08.02"]
[Round "1.9"]
[White "Olchowko, Marika"]
[Black "Nasuta, Grzegorz"]
[Result "0-1"]
[WhiteElo "1667"]
[BlackElo "2102"]
[PlyCount "66"]
[EventDate "2010.08.02"]

1. d4 Nf6 2. Nf3 g6 3. Bg5 Bg7 4. Nbd2 d5 5. Bxf6 Bxf6 6. e4 dxe4 7. Nxe4 Bg7
8. c3 O-O 9. h3 b6 10. Be2 Bb7 11. Ned2 Nd7 12. O-O c5 13. dxc5 Nxc5 14. Qc2
Qc7 15. Rad1 e5 16. Nb3 Ne6 17. Nfd2 f5 18. Bc4 Qc6 19. f3 Kh8 20. Bxe6 Qxe6
21. Rfe1 Rac8 22. Nc1 Rfe8 23. Qa4 a6 24. Ne2 b5 25. Qb3 Qb6+ 26. Kh1 Qf2 27.
Qf7 Ba8 28. Nc1 Rf8 29. Qb3 e4 30. fxe4 fxe4 31. Nxe4 Qh4 32. Qc2 Rce8 33. g3
Bxe4+ 0-1

[Event "VII Miedzynarodowy Festiwal Szachowy - O"]
[Site "Ostroda"]
[Date "2010.08.02"]
[Round "1.10"]
[White "Rak, Tomasz"]
[Black "Kotlewski, Lukasz"]
[Result "1-0"]
[WhiteElo "2093"]
[BlackElo "1657"]
[PlyCount "45"]
[EventDate "2010.08.02"]

1. Nf3 Nf6 2. d4 g6 3. c4 Bg7 4. Nc3 O-O 5. e4 d6 6. h3 Nbd7 7. Bd3 c6 8. Bg5
e5 9. d5 Qb6 10. Rb1 h6 11. Be3 Qc7 12. Qd2 Kh7 13. g4 Ng8 14. Ne2 Qd8 15. Ng3
Qe7 16. Rc1 c5 17. Ke2 Nb8 18. Ne1 a5 19. Ng2 Na6 20. f3 Bd7 21. h4 b6 22. Kf2
Qf6 23. Bg5 1-0

[Event "VII Miedzynarodowy Festiwal Szachowy - O"]
[Site "Ostroda"]
[Date "2010.08.02"]
[Round "1.11"]
[White "Tarczykowska, Monika"]
[Black "Jozwik, Rafal"]
[Result "0-1"]
[WhiteElo "1656"]
[BlackElo "2069"]
[PlyCount "72"]
[EventDate "2010.08.02"]

1. g3 d5 2. c4 Nf6 3. Bg2 c6 4. cxd5 cxd5 5. d4 Nc6 6. Nc3 Bg4 7. Nf3 Qb6 8. e3
e6 9. O-O Be7 10. b3 O-O 11. Bb2 Rfc8 12. Rc1 Rc7 13. Na4 Qa6 14. Re1 Rac8 15.
a3 b6 16. b4 Ne4 17. h3 Bh5 18. Bf1 Qb7 19. Kg2 h6 20. Bd3 a5 21. b5 Nd8 22.
Qe2 Nd6 23. g4 Bg6 24. Bxg6 fxg6 25. Ne5 g5 26. Qd3 Bf6 27. Nc3 Bxe5 28. dxe5
Nc4 29. Re2 Nxb2 30. Rxb2 d4+ 31. f3 dxc3 32. Rb3 Qd5 33. Qxd5 exd5 34. Kf2 Kf7
35. Ke2 Ne6 36. Ke1 Nc5 0-1

[Event "VII Miedzynarodowy Festiwal Szachowy - O"]
[Site "Ostroda"]
[Date "2010.08.02"]
[Round "1.12"]
[White "Malczyk, Jakub"]
[Black "Maruszczak, Joanna"]
[Result "0-1"]
[WhiteElo "2065"]
[BlackElo "1643"]
[PlyCount "80"]
[EventDate "2010.08.02"]

1. d4 Nf6 2. Nf3 g6 3. Bf4 Bg7 4. h3 O-O 5. e3 d6 6. Be2 Nbd7 7. O-O c5 8. c3
a6 9. a4 b6 10. Nbd2 Bb7 11. Qb3 Bc6 12. Bc4 h6 13. Rfe1 e5 14. dxe5 d5 15. Be2
Ne8 16. c4 Nc7 17. cxd5 Nxd5 18. Bc4 Nb4 19. e6 fxe6 20. Bxe6+ Kh7 21. Red1 Qe8
22. Bc7 Rf6 23. Bxd7 Bxd7 24. Be5 Rf7 25. Bxg7 Rxg7 26. Nc4 Qf7 27. Qc3 Rf8 28.
Nce5 Qe6 29. Nxd7 Rxd7 30. Rxd7+ Qxd7 31. a5 Qb5 32. Qe5 bxa5 33. Qe7+ Kg8 34.
Qe6+ Kg7 35. Rd1 Rf7 36. Qe5+ Kh7 37. Rd8 Rg7 38. Qe6 Nc6 39. Rc8 Ne7 40. Re8
Qxe8 0-1

[Event "VII Miedzynarodowy Festiwal Szachowy - O"]
[Site "Ostroda"]
[Date "2010.08.02"]
[Round "1.13"]
[White "Zwara, Szymon"]
[Black "Puczylowski, Marcin"]
[Result "0-1"]
[WhiteElo "1615"]
[BlackElo "2034"]
[PlyCount "86"]
[EventDate "2010.08.02"]

1. d4 e6 2. c4 Bb4+ 3. Nc3 Bxc3+ 4. bxc3 Nf6 5. Nf3 d6 6. Qc2 O-O 7. Bg5 Nc6 8.
e3 h6 9. Bh4 e5 10. Bd3 Re8 11. Nd2 exd4 12. cxd4 Nxd4 13. Qb2 Nc6 14. O-O Ne5
15. Be2 Ng6 16. Bg3 b6 17. Bf3 Rb8 18. Nb3 Ne5 19. Bxe5 dxe5 20. Rfd1 Qe7 21.
Bc6 Bd7 22. Bxd7 Nxd7 23. h3 Rbd8 24. Rd2 Nc5 25. Rad1 Nxb3 26. axb3 f6 27. b4
Rxd2 28. Qxd2 c6 29. Qd7 Qxd7 30. Rxd7 Ra8 31. Rc7 a5 32. bxa5 bxa5 33. Rxc6 a4
34. Rb6 a3 35. Rb1 a2 36. Ra1 Kf7 37. Kf1 Ke6 38. Ke2 Kd6 39. Kd2 Kc5 40. Kc3
e4 41. f4 Ra3+ 42. Kb2 Rxe3 43. Kxa2 Kxc4 0-1

[Event "VII Miedzynarodowy Festiwal Szachowy - O"]
[Site "Ostroda"]
[Date "2010.08.02"]
[Round "1.14"]
[White "Goslawski, Michal"]
[Black "Murawski, Jacek"]
[Result "1-0"]
[WhiteElo "2018"]
[BlackElo "1600"]
[PlyCount "61"]
[EventDate "2010.08.02"]

1. d4 d5 2. Nf3 Nf6 3. c4 e6 4. Nc3 Be7 5. Bf4 O-O 6. e3 a6 7. c5 Nbd7 8. h3
Re8 9. Bd3 Bxc5 10. dxc5 e5 11. Bg5 e4 12. Nxd5 exd3 13. Qxd3 Nxc5 14. Nxf6+
Qxf6 15. Qc2 Qb6 16. O-O Ne4 17. Bf4 c6 18. Rfd1 Qc5 19. Qd3 Qe7 20. Ne5 Nc5
21. Qc2 Nd7 22. Nc4 Nf6 23. Nb6 Bd7 24. Nxa8 Rxa8 25. Bg5 Be6 26. Qc3 Rc8 27.
Bxf6 gxf6 28. b4 Kh8 29. Qc5 Qc7 30. Qd6 Qb6 31. Qe7 1-0

[Event "VII Miedzynarodowy Festiwal Szachowy - O"]
[Site "Ostroda"]
[Date "2010.08.02"]
[Round "1.15"]
[White "Ostrega, Przemyslaw"]
[Black "Pirou, David"]
[Result "0-1"]
[WhiteElo "1600"]
[BlackElo "1995"]
[PlyCount "76"]
[EventDate "2010.08.02"]

1. e4 e6 2. d4 c5 3. Nf3 cxd4 4. Nxd4 Bc5 5. Nc3 Qb6 6. Na4 Qa5+ 7. c3 Bxd4 8.
Qxd4 Nf6 9. Nc5 Nc6 10. Qe3 b6 11. Nb3 Qe5 12. Bd3 Bb7 13. f4 Qc7 14. O-O Ne7
15. c4 Ng6 16. e5 Qc6 17. Qe2 Ne4 18. Nd4 Qc5 19. Be3 Qc8 20. Nb5 O-O 21. Bxb6
Qc6 22. Bxa7 f5 23. Bxe4 fxe4 24. Be3 Ba6 25. Nd6 Nh4 26. b3 Nf5 27. Rfd1 Rfb8
28. Nxf5 exf5 29. Rd6 Qc8 30. Qd2 Bb7 31. Rxd7 Bc6 32. Rd6 Rxb3 33. e6 Qc7 34.
Rd1 Rbb8 35. Qd4 Ba4 36. Rd2 Qe7 37. Qe5 Rb1+ 38. Kf2 Qh4+ 0-1

[Event "VII Miedzynarodowy Festiwal Szachowy - O"]
[Site "Ostroda"]
[Date "2010.08.02"]
[Round "1.16"]
[White "Wodzynski, Michal"]
[Black "Janik, Igor"]
[Result "1-0"]
[WhiteElo "1971"]
[BlackElo "1586"]
[PlyCount "72"]
[EventDate "2010.??.??"]

1. e4 c5 2. Nf3 Nc6 3. d4 cxd4 4. Nxd4 Nf6 5. Nc3 d6 6. Be2 g6 7. Be3 Bg7 8.
O-O O-O 9. Kh1 d5 10. exd5 Nxd5 11. Nxd5 Qxd5 12. Bf3 Qc4 13. Nxc6 bxc6 14. c3
Bf5 15. Qb3 Qa6 16. a4 e5 17. Rfe1 Be6 18. Qa3 Rab8 19. b4 f5 20. Be2 Qb7 21.
Bc5 Rfd8 22. c4 e4 23. Rad1 a6 24. b5 cxb5 25. axb5 axb5 26. cxb5 Rxd1 27. Rxd1
Ra8 28. Qb4 Ra1 29. Rxa1 Bxa1 30. b6 Be5 31. Qa4 Bd7 32. Qa2+ Kg7 33. Ba6 Qc6
34. Qc4 Be6 35. Qb4 Qd5 36. Be2 Qa2 1-0

[Event "VII Miedzynarodowy Festiwal Szachowy - O"]
[Site "Ostroda"]
[Date "2010.08.02"]
[Round "1.17"]
[White "Wodzynska, Zofia"]
[Black "Shemraev, Anton"]
[Result "0-1"]
[WhiteElo "1567"]
[BlackElo "1967"]
[PlyCount "70"]
[EventDate "2010.08.02"]

1. e4 c5 2. Nf3 d6 3. Bb5+ Bd7 4. Bxd7+ Qxd7 5. d4 cxd4 6. Nxd4 Nf6 7. Nc3 g6
8. Be3 Bg7 9. f3 Nc6 10. Nxc6 Qxc6 11. Qd2 O-O 12. Bh6 Bxh6 13. Qxh6 b5 14. Qd2
Rfc8 15. Rc1 b4 16. Ne2 Qc4 17. b3 Qc5 18. g4 Nd7 19. h4 Ne5 20. Rh3 Rc7 21. h5
Rf8 22. Qh6 e6 23. Kf1 d5 24. exd5 Qxd5 25. hxg6 fxg6 26. Nf4 Qd2 27. Nxe6
Rxf3+ 28. Kg1 Rg3+ 29. Rxg3 Qxh6 30. Rf1 Rf7 31. Rd1 Nf3+ 32. Rxf3 Rxf3 33.
Rd8+ Kf7 34. Rf8+ Qxf8 35. Nxf8 Kxf8 0-1

[Event "VII Miedzynarodowy Festiwal Szachowy - O"]
[Site "Ostroda"]
[Date "2010.08.02"]
[Round "1.18"]
[White "Dobrowolski, Marcin"]
[Black "Niewiarowski, Mieszko"]
[Result "1-0"]
[WhiteElo "1964"]
[BlackElo "1546"]
[PlyCount "115"]
[EventDate "2010.??.??"]

1. d4 Nf6 2. c4 e6 3. Nf3 Bb4+ 4. Bd2 Bxd2+ 5. Qxd2 d5 6. Nc3 O-O 7. e3 b6 8.
cxd5 Nxd5 9. Be2 Bb7 10. O-O Nc6 11. Rac1 Rc8 12. Rfd1 a6 13. e4 Nxc3 14. Qxc3
Qd7 15. d5 exd5 16. exd5 Ne7 17. Ne5 Qd6 18. Nc6 Rfe8 19. Bf3 Bxc6 20. dxc6 Qg6
21. Qc4 a5 22. Bg4 Ra8 23. Bd7 Red8 24. h4 Nf5 25. Qf4 Nd6 26. Re1 Kf8 27. Rc3
Rab8 28. Rg3 Qf6 29. Qc1 h6 30. h5 Ra8 31. Ree3 Ra7 32. Qc2 Kg8 33. Rg4 Raa8
34. Reg3 Ne8 35. Qb3 Qe5 36. Bxe8 Rxe8 37. Rxg7+ Qxg7 38. Rxg7+ Kxg7 39. Qg3+
Kf8 40. Qxc7 b5 41. Qd6+ Kg7 42. Qc5 b4 43. g4 Rec8 44. c7 Re8 45. f4 Re1+ 46.
Kf2 Ree8 47. g5 Rac8 48. Qc6 Re6 49. Qd7 Ree8 50. g6 Rf8 51. gxf7 Ra8 52. Qf5
Rxf7 53. c8=Q Rxc8 54. Qxc8 Rxf4+ 55. Ke3 Rf7 56. Qg4+ Kf8 57. Qg6 Re7+ 58. Kd4
1-0

[Event "VII Miedzynarodowy Festiwal Szachowy - O"]
[Site "Ostroda"]
[Date "2010.08.02"]
[Round "1.19"]
[White "Grenda, Wojciech"]
[Black "Reza, Wojciech"]
[Result "0-1"]
[WhiteElo "1545"]
[BlackElo "1940"]
[PlyCount "52"]
[EventDate "2010.08.02"]

1. e4 c5 2. Nc3 g6 3. g3 Bg7 4. Bg2 Nc6 5. d3 d6 6. Be3 Nf6 7. h3 O-O 8. Qd2
Nd4 9. Nge2 e5 10. Nd1 d5 11. Bg5 Nxe2 12. Qxe2 d4 13. O-O h6 14. Bd2 Nh5 15.
Kh2 Bd7 16. f4 exf4 17. Bxf4 Nxf4 18. Rxf4 Qc7 19. Nf2 h5 20. Nh1 b5 21. Rf2
Rad8 22. Qd2 c4 23. Re1 Be6 24. a3 c3 25. bxc3 Qxc3 26. Qg5 Qxe1 0-1

[Event "VII Miedzynarodowy Festiwal Szachowy - O"]
[Site "Ostroda"]
[Date "2010.08.02"]
[Round "1.20"]
[White "Renkowski, Piotr"]
[Black "Moszczenski, Milosz"]
[Result "1-0"]
[WhiteElo "1931"]
[BlackElo "1529"]
[PlyCount "131"]
[EventDate "2010.??.??"]

1. e4 e6 2. d4 d5 3. e5 c5 4. dxc5 Bxc5 5. Bd3 Qb6 6. Qe2 Nc6 7. c3 a5 8. Nf3
Nge7 9. Nbd2 Ng6 10. Nb3 Be7 11. O-O Qc7 12. Re1 Bd7 13. Nbd4 Na7 14. g3 Rb8
15. a4 O-O 16. Bg5 Nc8 17. h4 Re8 18. Bxe7 Ncxe7 19. Ng5 h6 20. Nh3 Nf5 21. Qg4
Nxe5 22. Qf4 f6 23. Bxf5 exf5 24. Re3 Qb6 25. b3 g5 26. hxg5 hxg5 27. Nxg5 fxg5
28. Qxg5+ Qg6 29. Qf4 Ng4 30. Rxe8+ Rxe8 31. Qc7 Qh7 32. Nf3 Bc6 33. Qf4 Qh5
34. Nh4 Nh6 35. b4 axb4 36. cxb4 Ra8 37. Qe5 Qf7 38. b5 Bd7 39. Qf4 Qf6 40. Rd1
Be6 41. Rc1 Rc8 42. Re1 Nf7 43. Qe3 Re8 44. Qb6 Nd8 45. Ng2 Kf7 46. Nf4 Qc3 47.
Re3 Qc1+ 48. Kg2 Rh8 49. Kf3 Qd1+ 50. Re2 Qb3+ 51. Re3 Qd1+ 52. Re2 d4 53. Qc7+
Ke8 54. Nxe6 Nxe6 55. Qc8+ Kf7 56. Qxe6+ Kg7 57. Qe5+ Kg8 58. Qb8+ Kg7 59. Qc7+
Kg6 60. Qd6+ Kg7 61. Qe7+ Kg6 62. Kf4 Qc1+ 63. Ke5 Rg8 64. f4 d3 65. Qf6+ Kh7
66. Rh2# 1-0

[Event "VII Miedzynarodowy Festiwal Szachowy - O"]
[Site "Ostroda"]
[Date "2010.08.02"]
[Round "1.21"]
[White "Szymanowski, Igor"]
[Black "Pycka, Zbigniew"]
[Result "0-1"]
[WhiteElo "1395"]
[BlackElo "1929"]
[PlyCount "170"]
[EventDate "2010.08.02"]

1. e4 c5 2. Nf3 Nc6 3. d4 cxd4 4. Nxd4 d6 5. Nc3 Nf6 6. Be3 a6 7. Be2 g6 8. f3
Bg7 9. Qd2 Nxd4 10. Bxd4 Be6 11. g4 Rc8 12. h4 Rg8 13. Qe3 Nd7 14. Bxg7 Rxg7
15. Qh6 Kf8 16. g5 Kg8 17. h5 Ne5 18. hxg6 fxg6 19. f4 Nc4 20. f5 Bf7 21. fxg6
Bxg6 22. Bg4 Rc5 23. Bf5 Ne5 24. Be6+ Nf7 25. O-O-O Re5 26. Bxf7+ Bxf7 27. Qh2
Rexg5 28. e5 Rg2 29. Qf4 d5 30. Rhf1 Bg6 31. Rd2 Rxd2 32. Qxd2 e6 33. Ne2 Qc7
34. Nd4 Qxe5 35. Re1 Be4 36. Nf3 Qc7 37. Ng5 Qxc2+ 38. Qxc2 Bxc2 39. Nxe6 Rg2
40. Nf4 Rh2 41. Nxd5 Bg6 42. Ne7+ Kf7 43. Nxg6 Kxg6 44. Re7 Rf2 45. Rxb7 h5 46.
Rb6+ Rf6 47. Rb3 h4 48. Rh3 Kg5 49. Kd1 Kg4 50. Rh1 Kg3 51. Ke1 h3 52. Rg1+ Kh4
53. Rh1 Rg6 54. Kf1 Rg2 55. b4 Rxa2 56. Kg1 Rb2 57. Rh2 Rxb4 58. Ra2 Rg4+ 59.
Kh1 Rg6 60. Ra4+ Kg3 61. Ra3+ Kf2 62. Kh2 Rh6 63. Ra5 Ke3 64. Rd5 Ke4 65. Rd1
Rh5 66. Ra1 a5 67. Ra3 Kd4 68. Ra4+ Kc3 69. Ra1 Kb3 70. Rb1+ Kc2 71. Ra1 Kb2
72. Ra4 Kb3 73. Ra1 a4 74. Rb1+ Ka2 75. Rb4 a3 76. Rb8 Rc5 77. Kxh3 Rc3+ 78.
Kg4 Rb3 79. Rh8 Rb2 80. Ra8 Kb3 81. Rb8+ Kc2 82. Rc8+ Kb1 83. Rh8 a2 84. Rh1+
Kc2 85. Ra1 Kb3 0-1

[Event "VII Miedzynarodowy Festiwal Szachowy - O"]
[Site "Ostroda"]
[Date "2010.08.02"]
[Round "1.22"]
[White "Gorniewicz, Oskar"]
[Black "Dejna, Miroslaw"]
[Result "1-0"]
[WhiteElo "1896"]
[BlackElo "1273"]
[PlyCount "49"]
[EventDate "2010.08.02"]

1. b4 Nf6 2. Bb2 d5 3. e3 e6 4. b5 Nbd7 5. f4 g6 6. Nf3 Bg7 7. Be2 O-O 8. O-O
b6 9. a4 Bb7 10. Na3 Ne8 11. Bxg7 Nxg7 12. c4 c5 13. bxc6 Bxc6 14. cxd5 Bxd5
15. Ne5 f6 16. Nec4 e5 17. fxe5 fxe5 18. d3 Rb8 19. Bf3 Ba8 20. Bxa8 Rxa8 21.
Nd6 Rf6 22. Qb3+ Kf8 23. Nf7 Qe7 24. Nh6 Rb8 25. Qg8# 1-0

[Event "VII Miedzynarodowy Festiwal Szachowy - O"]
[Site "Ostroda"]
[Date "2010.08.03"]
[Round "2.1"]
[White "Mista, Aleksander"]
[Black "Wodzynski, Michal"]
[Result "1-0"]
[WhiteElo "2562"]
[BlackElo "1971"]
[PlyCount "65"]
[EventDate "2010.??.??"]

1. e4 e5 2. Nf3 Nc6 3. Bb5 f5 4. Nc3 fxe4 5. Nxe4 Nf6 6. Nxf6+ Qxf6 7. Qe2 Be7
8. Bxc6 dxc6 9. Nxe5 Bf5 10. O-O O-O-O 11. d3 g5 12. Bd2 Qe6 13. Rfe1 Bf6 14.
Bc3 h5 15. Qe3 Rd5 16. Qxa7 Bxe5 17. Rxe5 Rxe5 18. Qa8+ Kd7 19. Qxh8 Re2 20.
Qg7+ Qe7 21. Qxe7+ Kxe7 22. Re1 Rxe1+ 23. Bxe1 Kd6 24. f3 Kd5 25. Kf2 c5 26. b3
b5 27. a4 bxa4 28. bxa4 c4 29. Ke3 cxd3 30. cxd3 Kc5 31. h3 c6 32. g4 Bg6 33.
Bc3 1-0

[Event "VII Miedzynarodowy Festiwal Szachowy - O"]
[Site "Ostroda"]
[Date "2010.08.03"]
[Round "2.2"]
[White "Pirou, David"]
[Black "Kuzmicz, Krystian"]
[Result "0-1"]
[WhiteElo "1995"]
[BlackElo "2417"]
[PlyCount "93"]
[EventDate "2010.??.??"]

1. d4 g6 2. e4 Bg7 3. Nc3 a6 4. Nf3 b5 5. Bd3 Bb7 6. Be3 d6 7. Qd2 Nd7 8. Ne2
c5 9. c3 Ngf6 10. Bh6 Bxh6 11. Qxh6 cxd4 12. cxd4 Bxe4 13. Bxe4 Nxe4 14. Qg7
Qa5+ 15. Nc3 Rf8 16. O-O Nef6 17. Ng5 b4 18. Nce4 Nxe4 19. Nxe4 O-O-O 20. a3
Qd5 21. Rfe1 b3 22. Nc3 Qg5 23. f4 Qxf4 24. Nd5 Qd2 25. Nxe7+ Kb7 26. Rab1 Rde8
27. d5 Ne5 28. Qf6 Ng4 29. Qc3 Qxc3 30. bxc3 Ne5 31. Rxe5 dxe5 32. d6 Rxe7 33.
dxe7 Re8 34. Rxb3+ Kc6 35. Rb4 Rxe7 36. Kf2 a5 37. Rb8 Rb7 38. Re8 Kd5 39. Rc8
Rb3 40. c4+ Kd4 41. Rc7 f5 42. Rxh7 Rxa3 43. Re7 f4 44. c5 Ra2+ 45. Kf1 Rc2 46.
Re6 Rxc5 47. Rxg6 0-1

[Event "VII Miedzynarodowy Festiwal Szachowy - O"]
[Site "Ostroda"]
[Date "2010.08.03"]
[Round "2.3"]
[White "Budrewicz, Krzysztof"]
[Black "Dobrowolski, Marcin"]
[Result "1/2-1/2"]
[WhiteElo "2269"]
[BlackElo "1964"]
[PlyCount "133"]
[EventDate "2010.??.??"]

1. d4 g6 2. c4 Bg7 3. Nf3 Nf6 4. g3 c6 5. Bg2 O-O 6. O-O d5 7. Nc3 h6 8. cxd5
Nxd5 9. e4 Nxc3 10. bxc3 Nd7 11. Be3 Kh7 12. Rc1 e5 13. h3 Qa5 14. Qb3 exd4 15.
cxd4 Nb6 16. Rc5 Qa4 17. Rd1 Be6 18. Qxa4 Nxa4 19. Rc2 Rfd8 20. Rdc1 Bf8 21.
Ne5 Nb6 22. Nd3 Ba3 23. Rb1 Rd7 24. Nf4 Nc4 25. Nxe6 Nxe3 26. fxe3 fxe6 27. e5
Rf8 28. Rb3 Be7 29. Rcb2 b6 30. Bxc6 Rc7 31. Bb5 h5 32. Kg2 Kh6 33. e4 Rc1 34.
Be2 h4 35. Rb1 Rc2 36. R3b2 Rc3 37. Rb3 Rc2 38. R1b2 Rc1 39. Rf3 Rfc8 40. gxh4
Bxh4 41. d5 R1c2 42. Rfb3 Rxb2 43. Rxb2 Kg5 44. Bg4 Kf4 45. Bxe6 Rc3 46. Bf7
Kxe5 47. Re2 g5 48. Be6 Bg3 49. Bf5 Bf4 50. Rb2 Rd3 51. Rc2 Rd2+ 52. Rxd2 Bxd2
53. Kf3 b5 54. Ke2 Bb4 55. Kd3 Bd6 56. Bd7 a6 57. Bc8 a5 58. Bd7 b4 59. Ba4 Be7
60. Bc2 Bd6 61. Kc4 a4 62. Bxa4 Kxe4 63. Bb3 Be7 64. Kb5 Ke5 65. Kc6 Bf8 66.
Kc7 Bc5 67. Kd7 1/2-1/2

[Event "VII Miedzynarodowy Festiwal Szachowy - O"]
[Site "Ostroda"]
[Date "2010.08.03"]
[Round "2.4"]
[White "Shemraev, Anton"]
[Black "Bodenez, Vincent"]
[Result "0-1"]
[WhiteElo "1967"]
[BlackElo "2177"]
[PlyCount "54"]
[EventDate "2010.??.??"]

1. c4 b6 2. Nc3 Bb7 3. e4 e6 4. d4 Bb4 5. Bd3 f5 6. d5 fxe4 7. Bxe4 Nf6 8. Bg5
O-O 9. Qd3 h6 10. Bh4 Na6 11. Bf3 Nc5 12. Qd4 e5 13. Qd1 Qe8 14. Nh3 g5 15. Bg3
Qg6 16. Be2 Bxc3+ 17. bxc3 d6 18. Qb1 Qxb1+ 19. Rxb1 Bc8 20. Ng1 Bf5 21. Rc1
Nd3+ 22. Bxd3 Bxd3 23. c5 bxc5 24. c4 Rab8 25. Kd2 Bg6 26. Ne2 Rb2+ 27. Ke3
Ng4# 0-1

[Event "VII Miedzynarodowy Festiwal Szachowy - O"]
[Site "Ostroda"]
[Date "2010.08.03"]
[Round "2.5"]
[White "Zurkowski, Andrzej"]
[Black "Renkowski, Piotr"]
[Result "0-1"]
[WhiteElo "2175"]
[BlackElo "1931"]
[PlyCount "66"]
[EventDate "2010.??.??"]

1. d4 Nf6 2. Nf3 d6 3. g3 Nc6 4. Bg2 e5 5. dxe5 Nxe5 6. O-O Nxf3+ 7. exf3 Be7
8. Nc3 O-O 9. Qd3 d5 10. Re1 c6 11. Be3 Be6 12. h3 Qd7 13. g4 Rad8 14. Rad1 c5
15. Bg5 d4 16. Bxf6 Bxf6 17. Ne4 Be7 18. Ng3 Bd6 19. Nh5 Bd5 20. c3 Bxa2 21.
cxd4 c4 22. Qe3 Bb3 23. Ra1 Bb4 24. Qg5 f6 25. Qh4 Bxe1 26. Rxe1 Qxd4 27. Re4
Qxb2 28. f4 c3 29. Re7 Rf7 30. Nxf6+ gxf6 31. Rxf7 Qc1+ 32. Bf1 Bxf7 33. Qxf6
Rd1 0-1

[Event "VII Miedzynarodowy Festiwal Szachowy - O"]
[Site "Ostroda"]
[Date "2010.08.03"]
[Round "2.6"]
[White "Reza, Wojciech"]
[Black "Plichta, Kamil"]
[Result "1-0"]
[WhiteElo "1940"]
[BlackElo "2158"]
[PlyCount "131"]
[EventDate "2010.??.??"]

1. d4 Nf6 2. Bg5 c5 3. Bxf6 gxf6 4. e3 Qb6 5. b3 Rg8 6. Ne2 Nc6 7. c3 d6 8. Ng3
Bg4 9. Be2 Bxe2 10. Qxe2 cxd4 11. cxd4 f5 12. Qf3 Qa5+ 13. Nd2 e6 14. Nh5 Be7
15. Qe2 O-O-O 16. O-O d5 17. Nf3 Kb8 18. a3 Rde8 19. b4 Qd8 20. Nd2 f6 21. Nb3
e5 22. Qf3 Rg5 23. b5 e4 24. Qf4+ Ne5 25. Ng3 Bd6 26. dxe5 fxe5 27. Qh4 f4 28.
Qxh7 Rh8 29. Qf7 fxg3 30. Qxd5 gxh2+ 31. Kh1 Rxg2 32. Kxg2 h1=Q+ 33. Rxh1 Qg5+
34. Kf1 Rxh1+ 35. Ke2 Qg4+ 36. Kd2 Rh6 37. Nc5 Bxc5 38. Qxc5 Qd7+ 39. Kc3 Rd6
40. Rg1 b6 41. Qxe5 Qc7+ 42. Kb4 Rd8 43. Qxe4 Qc5+ 44. Ka4 a6 45. bxa6 Qa5+ 46.
Kb3 Qb5+ 47. Qb4 Qd3+ 48. Kb2 Qxa6 49. Rc1 Qb7 50. Qf4+ Ka8 51. Qa4+ Kb8 52.
Qf4+ Ka8 53. Rc4 Qg7+ 54. Kc2 Qa1 55. Ra4+ Kb7 56. Qf7+ Kc6 57. Qc4+ Kb7 58.
Qa6+ Kc7 59. Rc4+ Kd7 60. Rd4+ Ke7 61. Qb7+ Kf6 62. Qf3+ Ke7 63. Qe4+ Kf7 64.
Qf5+ Kg7 65. Qe5+ Kg6 66. Rg4+ 1-0